| 000 | 00407nam a22001697a 4500 | ||
|---|---|---|---|
| 003 | OSt | ||
| 008 | 240427b |||||||| |||| 00| 0 eng d | ||
| 020 | _a9789355738905 | ||
| 082 | _a005.8 WHP | ||
| 100 | _aWHITMAN,Michael E | ||
| 245 | _aPrinciples of Information Security | ||
| 250 | _a7th Ed | ||
| 260 |
_aNew Delhi _bCengage _c2024 |
||
| 300 | _a536 | ||
| 700 | _aMATTORD,Herbert J | ||
| 942 |
_2ddc _cBK |
||
| 999 |
_c12561 _d12561 |
||